000 00422pab a2200157 454500
008 180718b2015 xxu||||| |||| 00| 0 eng d
100 _aRoy, Tirthankar
245 _aThe economic legacies and colonial rule in India: Another look
260 _c2015
300 _ap.51-59.
362 _a11 Apr
650 _aColonialism - India
650 _aColonialism
773 _aEconomic and Political Weekly
909 _a107434
999 _c107429
_d107429